Hev b 1, Hev b 2 and Hev b 3 content in natural rubber latex and latex gloves (Record no. 60290)

MARC details
000 -LEADER
fixed length control field 00688nam a2200229Ia 4500
100 ## - MAIN ENTRY--AUTHOR NAME
Personal name Yeang H Y
245 #0 - TITLE STATEMENT
Title Hev b 1, Hev b 2 and Hev b 3 content in natural rubber latex and latex gloves
260 ## - PUBLICATION, DISTRIBUTION, ETC. (IMPRINT)
Name of publisher Biotechnology and Rubber Tree : Proceedings of IRRDB Symposium 25-28 September 2001. CIRAD-CP/Rubber Programme, Montpellier, France
650 ## - SUBJECT ADDED ENTRY--TOPICAL TERM
Topical Term Hev b 1
650 ## - SUBJECT ADDED ENTRY--TOPICAL TERM
Topical Term Hev b 2
650 ## - SUBJECT ADDED ENTRY--TOPICAL TERM
Topical Term Hev b 3
650 ## - SUBJECT ADDED ENTRY--TOPICAL TERM
Topical Term Latex gloves
650 ## - SUBJECT ADDED ENTRY--TOPICAL TERM
Topical Term Natural rubber latex
700 ## - ADDED ENTRY--PERSONAL NAME
Personal name Arif S A M
700 ## - ADDED ENTRY--PERSONAL NAME
Personal name Chan J L
700 ## - ADDED ENTRY--PERSONAL NAME
Personal name Hamilton R G
700 ## - ADDED ENTRY--PERSONAL NAME
Personal name Hamzah S
700 ## - ADDED ENTRY--PERSONAL NAME
Personal name Lau C H
700 ## - ADDED ENTRY--PERSONAL NAME
Personal name LOke Y H
942 ## - ADDED ENTRY ELEMENTS (KOHA)
Koha item type Journals
Holdings
Withdrawn status Lost status Damaged status Not for loan Home library Current library Shelving location Date acquired Koha item type
      Journals RRII Library RRII Library Biotechnology 01/01/2021 Journals